FUNDAMENTALS OF PLANT PHYSIOLOGY (Record no. 35004)

MARC details
000 -LEADER
fixed length control field 00383nam a22001697a 4500
003 - CONTROL NUMBER IDENTIFIER
control field SGT
020 ## - INTERNATIONAL STANDARD BOOK NUMBER
International Standard Book Number 9789364683500
082 ## - DEWEY DECIMAL CLASSIFICATION NUMBER
Classification number 581.1
Item number JAI
100 ## - MAIN ENTRY--PERSONAL NAME
Personal name JAIN, DR. V.K.
245 ## - TITLE STATEMENT
Title FUNDAMENTALS OF PLANT PHYSIOLOGY
250 ## - EDITION STATEMENT
Edition statement 21ST
260 ## - PUBLICATION, DISTRIBUTION, ETC. (IMPRINT)
Place of publication, distribution, etc INDIA
Name of publisher, distributor, etc S.CHAND PUB.
Year of Publication 2026
300 ## - PAGE DESCRIPTION
No. of Pages 894
650 ## - SUBJECT ADDED ENTRY--TOPICAL TERM
Topical term or geographic name as entry element PLANT PHYSIOLOGY
942 ## - ADDED ENTRY ELEMENTS (KOHA)
Source of classification or shelving scheme Dewey Decimal Classification
Koha item type Books
Holdings
Withdrawn status Lost status Source of classification or shelving scheme Damaged status Not for loan Collection code Home library Current library Shelving location Date acquired Vendor Name Cost, normal purchase price SGTU Bill Number Total Checkouts Full call number Accession No. (Barcode) Date last seen Bill Date Koha item type
    Dewey Decimal Classification     SCIENCE SGT Science & Social Sciences Library SGT Science & Social Sciences Library Text Book 02/07/2026 SAVERA BOOKS 675.00 SGTU INV/26-27/0129   581.1 JAI AG2786 02/07/2026 12/05/2026 Books
    Dewey Decimal Classification     SCIENCE SGT Science & Social Sciences Library SGT Science & Social Sciences Library Text Book 02/07/2026 SAVERA BOOKS 675.00 SGTU INV/26-27/0129   581.1 JAI AG2787 02/07/2026 12/05/2026 Books
    Dewey Decimal Classification     SCIENCE SGT Science & Social Sciences Library SGT Science & Social Sciences Library Text Book 02/07/2026 SAVERA BOOKS 675.00 SGTU INV/26-27/0129   581.1 JAI AG2788 02/07/2026 12/05/2026 Books
    Dewey Decimal Classification     SCIENCE SGT Science & Social Sciences Library SGT Science & Social Sciences Library Text Book 02/07/2026 SAVERA BOOKS 675.00 SGTU INV/26-27/0129   581.1 JAI AG2789 02/07/2026 12/05/2026 Books
    Dewey Decimal Classification     SCIENCE SGT Science & Social Sciences Library SGT Science & Social Sciences Library Text Book 02/07/2026 SAVERA BOOKS 675.00 SGTU INV/26-27/0129   581.1 JAI AG2790 02/07/2026 12/05/2026 Books
    Dewey Decimal Classification     SCIENCE SGT Science & Social Sciences Library SGT Science & Social Sciences Library Text Book 02/07/2026 SAVERA BOOKS 675.00 SGTU INV/26-27/0129   581.1 JAI AG2791 02/07/2026 12/05/2026 Books